000 00911cam a2200289 i 4500
999 _c7423
_d7423
001 7423
003 BD-JhCC
005 20180418174435.0
008 790213s1977 at a b 00010 eng d
020 _a0868560340
_cunpriced
035 _a(BD-JhCC)7423
035 _a1302460
040 _aBD-JhCC
_dBD-JhCC
041 _aeng
082 0 _a301
_bREA 1969
245 0 0 _aReadin in Human Development /
_cHarold W. Bernard, Wesley C. Huckins
260 _a[Brisbane] :
_b[Kelvin Grove College of Advanced Education],
_c[1977].
300 _a38 leaves :
_bill., graphs ;
_c30cm.
500 _aCover title.
504 _aBibliography: leaves 1-11.
650 7 _aSecondary schools. Curriculum subjects: Sociology. Books. For teaching.
650 0 _aSociology
_xStudy and teaching (Secondary)
700 _aBernard, Harold W.
700 _aHuckins, Wesley C.
942 _2ddc
_cBK